Manual de derecho procesal administrativo y contencioso administrativo (Registro nro. 10839)

000 -CABECERA
Campo de control de longitud fija 01609nam a22003137a 4500
003 - IDENTIFICADOR DEL NÚMERO DE CONTROL
Campo de control OSt
005 - FECHA Y HORA DE LA ÚLTIMA TRANSACCIÓN
Campo de control 20260413162855.0
008 - CÓDIGOS DE INFORMACIÓN DE LONGITUD FIJA
Campo de control de longitud fija 260413t2015 xxu||||| |||| 00| 0 spa d
020 ## - NÚMERO INTERNACIONAL NORMALIZADO PARA LIBROS (ISBN)
Número Internacional Normalizado para Libros (ISBN) 9789589535356
020 ## - NÚMERO INTERNACIONAL NORMALIZADO PARA LIBROS (ISBN)
Número Internacional Normalizado para Libros (ISBN) 9789588510569
040 ## - FUENTE DE LA CATALOGACIÓN
Centro catalogador de origen Unicoc
Lengua de catalogación spa
Centro que cataloga Bogotá (Dr. David Ordóñez Rueda) - Campus Norte
Centro modificador Bogotá (Dr. David Ordóñez Rueda) - Campus Norte
082 ## - NÚMERO DE LA CLASIFICACIÓN DECIMAL DEWEY
Número de clasificación 342.066
100 ## - PUNTO DE ACCESO PRINCIPAL - NOMBRE DE PERSONA
9 (RLIN) 12924
Nombre de persona Fernández Arbeláez, Iván Mauricio
245 ## - MENCIÓN DE TÍTULO
Título Manual de derecho procesal administrativo y contencioso administrativo
Subtitulo o Resto del título Tomo I Volumen I
Mención de responsabilidad etc. / Iván Mauricio Fernández Arbeláez
250 ## - MENCIÓN DE EDICIÓN
Mención de edición 2 Ed.
260 ## - PUBLICATION, DISTRIBUTION, ETC. (IMPRINT)
Lugar de publicación distribución etc. Armenia :
Nombre del editor distribuidor etc. Universidad la Gran Colombia ,
Fecha de publicación distribución etc. 2015
300 ## - DESCRIPCIÓN FÍSICA
Extensión 640 páginas
500 ## - NOTA GENERAL
Nota general Incluye bibliografía
505 ## - NOTA DE CONTENIDO CON FORMATO
Título Capitulo: La personalidad jurídica el estado. --
-- Capítulo II: Principios del comportamiento de la administración pública. --
-- Capítulo III: Los instrumentos jurídicos mediante los cuales exterioriza su comportamiento la administración pública. --
-- Capítulo IV: El proceso administrativo. --
-- Capítulo V: La fuerza ejecutoria del acto administrativo. --
-- Capítulo VI: Los vicios invalidantes del acto administrativo.
526 ## - NOTA DE INFORMACIÓN SOBRE EL PROGRAMA DE ESTUDIO
Institución que aplica el campo Unicoc
546 ## - NOTA DE LENGUA
Nota de lengua Español
650 #0 - PUNTO DE ACCESO ADICIONAL DE MATERIA - TÉRMINO DE MATERIA
9 (RLIN) 553
Término de materia o nombre geográfico como elemento inicial Derecho procesal.
Subdivisión de forma Manuales
Subdivisión geográfica Colombia
650 #0 - PUNTO DE ACCESO ADICIONAL DE MATERIA - TÉRMINO DE MATERIA
9 (RLIN) 5512
Término de materia o nombre geográfico como elemento inicial Teoría del derecho
650 #0 - PUNTO DE ACCESO ADICIONAL DE MATERIA - TÉRMINO DE MATERIA
9 (RLIN) 555
Término de materia o nombre geográfico como elemento inicial Derecho administrativo
Subdivisión de forma Manuales
Subdivisión geográfica Colombia
650 #0 - PUNTO DE ACCESO ADICIONAL DE MATERIA - TÉRMINO DE MATERIA
9 (RLIN) 12925
Término de materia o nombre geográfico como elemento inicial Derecho contencioso
658 #0 - TÉRMINO DE INDIZACIÓN - OBJETIVO CURRICULAR
9 (RLIN) 8008
Programa Académico Programa de Derecho
856 ## - LOCALIZACIÓN Y ACCESO ELECTRÓNICOS
Texto del enlace Acceso online exclusivo para comunidad Unicoc.
Identificador Uniforme del Recurso (URI) https://unicoceduco-my.sharepoint.com/:b:/g/personal/direccionbiblioteca_unicoc_edu_co/IQDhcPr5qILLRY_HZxQ3gVLfAQF7l-ikoHzpMyBT-8JM-wQ
942 ## - ENTRADA PARA ELEMENTOS AGREGADOS (KOHA)
Fuente de clasificación o esquema de ordenación en estanterías
Koha [por defecto] tipo de item Libro electrónico
Existencias
Precio Fecha última consulta Fuente de adquisición Fecha del precio de reemplazo Fuente de clasificación o esquema de ordenación en estanterías No para préstamo Localización actual Código de barras Código de colección Estropeado Signatura completa Tipo de item de Koha Estado de pérdida Localización permanente Fecha de adquisición
200000.002026-04-13Compra2026-04-13  Bogotá (Dr. David Ordóñez Rueda) - Campus NorteEbook10839Coleccion Online 342.066Libro electrónico Bogotá (Dr. David Ordóñez Rueda) - Campus Norte2026-04-13

© 2014 UNICOC | Institución Universitaria Colegios de Colombia - UNICOC
Bogotá D.C. Autopista Norte Km. 20. Teléfono:(571)6683535
Cali: Calle 13 Norte No. 3N-13. Teléfono: (572)6608887

Con tecnología de Koha